Представление документа в формате RUSMARC

ПолеНазваниеЗначение
  Тип записи a
  Библиографический уровень m
001 Контрольный номер 05e6331e48cd4d549ad012e760462b07
005 Дата корректировки 20231117085636.0
010 Индекс ISBN __
a ISBN 978-5-04-188161-0
d Цена 1334-30
100 Данные общей обработки __
a Данные общей обработки 20231117d2023####am#y0rusy50######ca
101 Язык документа 0_
a Язык текста rus
102 Страна публикации __
a Страна публикации RU
200 Заглавие и сведения об ответственности 1_
a Заглавие Вязание из шнура от А до Я
e Сведения, относящиеся к заглавию от ковра до рюкзака
e Сведения, относящиеся к заглавию [полный практический курс по вязанию крючком стильного декора и аксессуаров]
f Первые сведения об ответственности Оксана Аксенова
210 Выходные данные 1_
a Место издания Москва
c Издательство Эксмо
c Издательство Бомбора™
d Дата издания 2023
215 Физическое описание __
a Объем 1334-30
c Иллюстрации/тип воспроизводства цв. фотоил., ил.
225 Серия (Журнальная рубрика) 2_
a Серия (Журнальная рубрика) Высшая лига рукоделия. Самоучители
330 Аннотация __
a Аннотация Книга мастера и блогера с огромной аудиторией Оксаны Аксеновой дает шанс освоить изящное искусство вязания из шнура абсолютно всем, даже тем, кто ни разу не брал в руки крючок. В ней вы найдете как простые модели для начинающих, так и более сложные, с которыми сможете справиться после изучения уроков книги.
606 Тематические рубрики __
a Основная рубрика Легкая промышленность
606 Тематические рубрики __
a Основная рубрика Рукоделие
610 Ключевые слова 0_
a Ключевые слова самоучители по вязанию
a Ключевые слова вязание из шнура
a Ключевые слова вязание крючком
a Ключевые слова вязаные вещи
a Ключевые слова вязаные сумки
a Ключевые слова вязаные корзины
a Ключевые слова вязаные коврики
a Ключевые слова вязаные аксессуары
a Ключевые слова уход за вязаными вещами
a Ключевые слова материалы для вязания
a Ключевые слова инструменты для вязания
a Ключевые слова круговое вязание
686 Индексы других классификаций __
a Индекс ББК 37.248
700 Автор _1
a Фамилия Аксенова
b Имя О. В.
g Полное личное имя Оксана Валерьевна
801 Источник записи _0
a Страна RU
b Организация Центральная районная библиотека им. Г. А. Пирожникова
c Дата составления 20231117
g Правила каталогизации bzbo
801 Источник записи _1
a Страна RU
b Организация Центральная районная библиотека им. Г. А. Пирожникова
c Дата составления 20231117
g Правила каталогизации bzbo
852 Данные о местонахождении __
j Шифр хранения 37.248
i Авторский знак А 424
901 Тип документа __
t Тип документа m
902 Роль лиц __
a Создатель БЗ ОКиО/Шумских